| 000 | 00619nam a22001817a 4500 | ||
|---|---|---|---|
| 082 |
_a625.734 _bHIG _cDonation |
||
| 100 |
_aUS department of transportation _913255 |
||
| 245 |
_aHighway drainage _cUS department of transportation |
||
| 260 |
_aUSA _bUS department of transportation _c1984 |
||
| 526 |
_a0 _b0 _c0 _d625_734000000000000_HIG |
||
| 526 |
_a0 _b0 _c0 _d625_734000000000000_HIG |
||
| 526 |
_a0 _b0 _c0 _d625_734000000000000_HIG |
||
| 526 |
_a0 _b0 _c0 _d625_734000000000000_HIG |
||
| 526 |
_a0 _b0 _c0 _d625_734000000000000_HIG |
||
| 526 |
_a0 _b0 _c0 _d625_734000000000000_HIG |
||
| 650 |
_aMCE _9379 |
||
| 942 |
_2ddc _cBK |
||
| 999 |
_c547479 _d547479 |
||